| 000 | 00476nam a2200181 a 4500 | ||
|---|---|---|---|
| 001 | 1770452097400 | ||
| 003 | YourLibrary | ||
| 005 | 20260207134850.0 | ||
| 008 | 260207s1999##################000#0#eng## | ||
| 020 | _a9780333665411 | ||
| 082 | 0 | 4 |
_a330.94 _bMUS |
| 100 | 1 |
_aMusgrave, Peter, _eauthor. |
|
| 245 | 1 | 0 | _aThe Early Modern European Economy : |
| 260 |
_bRed Globe Press, _c1999. |
||
| 650 | 0 | _aHistory. | |
| 942 | _cENGLISH | ||
| 040 |
_aYourLibrary _beng _cYourLibrary |
||
| 999 |
_c610860 _d610860 |
||